| 000 | 00833nam a2200241 i 4500 | ||
|---|---|---|---|
| 001 | bg | ||
| 100 | _aKREMER, Bruno | ||
| 245 |
_aPrzewodnik drzewa i krzewy / _cBruno P. Kremer ; tł. z niem. Stefan Łukom |
||
| 246 |
_iTyt. oryg.: _aWelches Blatt ist das? - Bäume und Sträucher Mitteleurop |
||
| 260 |
_aWarszawa : _b"Multico", _c200 |
||
| 300 |
_a235 s. : _bil. ; _c21 c |
||
| 500 | _aOryg. : "Welches Blatt ist das? - Bäume und Sträucher Mitteleuropas". | ||
| 650 | 9 |
_aDrzewa _xsystematyka _zEuropa |
|
| 655 | _aAtlasy | ||
| 020 | _a837073054X | ||
| 040 | _cBPK | ||
| 041 | 1 |
_apl _hde |
|
| 080 | _a582.4/.9(4)(084.4)(02.025.2) | ||
| 920 | _a83-7073-054-X | ||
| 942 | _cKS | ||
| 008 | s pl f |000 0 pol | ||
| 999 |
_c41042 _d41042 |
||
| 856 |
_uhttp://koha.tu.koszalin.pl/cgi-bin/koha/opac-detail.pl?biblionumber=41042 _yKatalog online BPK |
||